Razas y pueblos del mundo : Europa - Africa /

Estudio comparado, en tres volúmenes, de razas humanas de todo el mundo con la finalidad, por una parte, de mostrar los elementos propios de las culturas originales en orden a su preservación, y por otra de estudiar las influencias que han ejercido unos grupos culturales sobre otros.

Wedi'i Gadw mewn:
Manylion Llyfryddiaeth
Prif Awdur: Bernatzik, Hugo Adolf (dirección)
Fformat: Llyfr
Iaith:Sbaeneg
Cyhoeddwyd: Barcelona, España : Ave, 1957, c1957
Rhifyn:2a edición
Pynciau:
Tagiau: Ychwanegu Tag
Dim Tagiau, Byddwch y cyntaf i dagio'r cofnod hwn!

MARC

LEADER 00000nam^a2200000^a^4500
001 000371970
005 20250521000000.0
009 20260310115946.308
037 |a Acervo Xavier Clavigero 
041 |a ESP 
082 |a 306. 089  |b BER V. 1 
100 |a Bernatzik, Hugo Adolf  |e (dirección) 
240 1 1 |a [Razas y pueblos del mundo] 
245 1 0 |a Razas y pueblos del mundo :  |b Europa - Africa /  |c Dir. de H.A. Bernatzik ; tr. por Federico Armenter. 
250 |a 2a edición 
264 4 |a Barcelona, España :  |b Ave,  |c 1957, c1957 
300 |a XVI, 355 p., 224 láminas 
336 |a texto  |b txt  |2 rdacontenido 
337 |a sin mediación  |b n  |2 rdamedio 
338 |a volumen  |b nc  |2 rdasoporte 
500 |a Traducción de: Die Neue Grosse Völkerkunde 
520 |a Estudio comparado, en tres volúmenes, de razas humanas de todo el mundo con la finalidad, por una parte, de mostrar los elementos propios de las culturas originales en orden a su preservación, y por otra de estudiar las influencias que han ejercido unos grupos culturales sobre otros. 
649 |a XX 
650 |a Razas -  |z Europa -  |x Tema Principal 
650 |a Razas -  |z Africa -  |x Tema Principal 
650 |a Socialización -  |z Europa 
650 |a Socialización -  |z Africa 
650 |a Prácticas Culturales -  |z Europa 
650 |a Prácticas Culturales -  |z Africa 
650 |a Antropología Cultural -  |z Europa 
650 |a Antropología Cultural -  |z Africa 
650 |a Antropología Física -  |z Europa 
650 |a Antropología Física -  |z Africa 
650 |a Geografía Humana 
650 |a Sociología 
910 |a Fondo General 
920 |a Impresos - Libros 
930 |a Obras de Referencia 
905 |a 102 
901 |a 021436  |b IT2  |c REF  |u 20250521 
902 |a https://opac.biblio.iteso.mx/vufind/Record/000371970